|
|
|
|
| LEADER |
00000nam0a2200000 4500 |
| 001 |
320230 |
| 005 |
20231102003246.0 |
| 035 |
|
|
|a (RuTPU)RU\TPU\book\345760
|
| 090 |
|
|
|a 320230
|
| 100 |
|
|
|a 20160629d1972 m y0rusy50 ca
|
| 101 |
0 |
|
|a rus
|
| 102 |
|
|
|a RU
|
| 105 |
|
|
|a a z 000zy
|
| 200 |
1 |
|
|a Как организована заработная плата в СССР
|f Р. А. Баткаев
|
| 210 |
|
|
|a Москва
|c Экономика
|d 1972
|
| 215 |
|
|
|a 63 с.
|c табл.
|
| 225 |
1 |
|
|a Экономические знания - в массы
|
| 606 |
1 |
|
|a Заработная плата
|x Тарифная система
|2 stltpush
|3 (RuTPU)RU\TPU\subj\11362
|9 38309
|
| 610 |
1 |
|
|a труд
|
| 610 |
1 |
|
|a благосостояние
|
| 610 |
1 |
|
|a тарифные системы
|
| 610 |
1 |
|
|a тарифные ставки
|
| 610 |
1 |
|
|a должностные оклады
|
| 610 |
1 |
|
|a совершенствование
|
| 686 |
|
|
|a У9(2)245.6
|v LBC/SL-A
|2 rubbk
|
| 700 |
|
1 |
|a Баткаев
|b Р. А.
|g Рафик Абдулович
|
| 801 |
|
1 |
|a RU
|b 63413507
|c 20160629
|
| 801 |
|
2 |
|a RU
|b 63413507
|c 20190905
|g RCR
|
| 942 |
|
|
|c BK
|